[Event "Tourn. n9387"]
[Site "www.chess-mail.com"]
[Date "2017.05.23"]
[Round "1"]
[White "Bojan"]
[Black "Prize64"]
[WhiteElo "2010"]
[BlackElo "2170"]
[Result "0-1"]
[Round "1"]
1.e4 e6
2.d4 d5
3.exd5 exd5
4.g3 Bf8d6
5.Bf1g2 c6
6.a3 a5
7.Bc1e3 Ng8e7
8.h3 h6
9.Ng1f3 Bc8f5
10.Nb1d2 O-O
11.c4 Bf5d3
12.Nf3e5 Bd6xe5
13.dxe5 dxc4
14.Qd1g4 Qd8d7
15.Qg4f3 Qd7f5
16.Qf3xf5 Ne7xf5
17.Be3c5 Rf8e8
18.f4 Nf5xg3
19.Rh1g1 Nb8d7
20.Bc5f2 Ng3f5
21.Ra1c1 f6
22.Nd2xc4 Bd3xc4
23.Rc1xc4 fxe5
24.fxe5 Nd7xe5
25.Rc4c3 Ne5f3
26.Kf1 Nf3d2
{ resign }
0-1

[Event "Tourn. n9283"]
[Site "www.chess-mail.com"]
[Date "2017.05.23"]
[Round "1"]
[White "Luban"]
[Black "Hundegana"]
[WhiteElo "2220"]
[BlackElo "2060"]
[Result "0-1"]
[Round "1"]
1.d4 d6
2.c4 Bc8d7
3.Ng1f3 h6
4.e3 Ng8f6
5.Nb1c3 a6
6.Bf1e2 g6
7.O-O c6
8.e4 Bf8g7
9.h3 O-O
10.Bc1e3 Qd8c7
11.Ra1c1 Rf8d8
12.Nc3a4 Nf6xe4
13.d5 c5
14.Be2d3 Ne4f6
15.b4 Bd7xa4
16.Qd1xa4 Qc7d7
17.b5 Kh7
18.Rf1d1 b6
19.Qa4c2 axb5
20.cxb5 Nf6xd5
21.Bd3xg6 fxg6
22.Rd1xd5 Qd7xb5
23.Nf3h4 Qb5e8
24.Rd5h5 Nb8d7
25.Rh5d5 Nd7f6
26.Rd5d2 d5
27.Nh4f3 Nf6e4
28.Rd2d1 e6
29.Nf3h2 d4
30.Be3d2 Ne4xd2
31.Rd1xd2 e5
32.Rc1e1 Rd8c8
33.Nh2g4 h5
34.Ng4xe5 Bg7xe5
35.f4 Rc8c7
36.Re1xe5 Rc7e7
37.Re5xh5 Kg7
38.Rh5g5 Re7e4
39.Rd2f2 Ra8c8
40.f5 Re4e1
41.Kh2 Rc8c6
42.h4 Qe8e3
43.Rg5xg6 Rc6xg6
44.fxg6 Qe3e5
45.g3 Re1e3
46.Rf2g2 d3
47.Qc2c4 Kxg6
48.Qc4g8 Qe5g7
49.h5 Kh6
50.Qg8b8 Re3e6
51.g4 Qg7e5
52.Qb8xe5 Re6xe5
53.Kg1 c4
54.Rg2d2 b5
55.Kf2 Kg5
56.Kf3 b4
57.Rd2h2 Kh6
58.Rh2d2 Kg5
59.Rd2h2 c3
60.h6 d2
{ resign }
0-1

[Event "Match"]
[Site "www.echecsemail.com"]
[Date "2017.05.23"]
[Round "1"]
[White "Gimmyg"]
[Black "Motorhead99"]
[WhiteElo "2420"]
[BlackElo "1829"]
[Result "1-0"]
[Round "1"]
1.Ng1f3 d5
2.g3 Ng8f6
3.Bf1g2 Bc8f5
4.O-O e6
5.d4 c5
6.c4 cxd4
7.cxd5 exd5
8.Nf3xd4 Bf5xb1
9.Ra1xb1 Nb8c6
10.Nd4xc6 bxc6
11.Qd1a4 Qd8c7
12.e4 dxe4
13.Bg2xe4 Nf6xe4
14.Qa4xe4 Bf8e7
15.Rf1e1 Kf8
16.Bc1f4 Be7d6
17.Bf4xd6 Qc7xd6
18.Rb1d1 Qd6c7
19.Qe4b4 c5
20.Qb4a4 h6
21.Rd1d7 Qc7c8
22.Rd7e7 { resign }
1-0

[Event "Match"]
[Site "www.echecsemail.com"]
[Date "2017.05.23"]
[Round "1"]
[White "Gilliere"]
[Black "Darknight"]
[WhiteElo "2040"]
[BlackElo "1760"]
[Result "1/2-1/2"]
[Round "1"]
1.d4 d5
2.c4 e6
3.c5 a6
4.e3 h6
5.Nb1c3 Nb8c6
6.Ng1f3 Ng8f6
7.Bf1e2 b6
8.b4 b5
9.O-O g5
10.h3 Bc8d7
11.a3 Qd8e7
12.Bc1b2 g4
13.hxg4 Nf6xg4
14.Nf3h2 h5
15.Be2xg4 hxg4
16.Qd1xg4 O-O-O
17.Qg4g3 f5
18.f4 Bf8g7
19.Kf2 Bg7f6
20.Nh2f3 Rh8h4
21.Ke2 Rh4g4
22.Qg3f2 Rd8g8
23.Rf1g1 Qe7h7
24.Rg1h1 Qh7f7
25.Rh1h2 Rg8g6
26.Ra1h1 Kb7
27.Bb2c1 Qf7g8
28.Rh1g1 Nc6e7
29.Kd1 Ne7c6
30.Bc1d2 a5
31.Nc3e2 Qg8a8
32.Nf3e5 Nc6xe5
33.fxe5 Bf6g5
34.Ne2f4 Bg5xf4
35.exf4 Rg6g8
36.bxa5 Kc6
37.Bd2b4 Bd7e8
38.g3 Be8f7
39.Rh2h7 Qa8e8
40.Kc2 Bf7h5
41.a6 Qe8g6
42.Rh7xh5 Qg6xh5
43.Bb4a5 Rg8a8
44.a4 Kd7
45.axb5 c6
46.Qf2e2 Rg4h4
47.Qe2d3 Rh4h2
48.Kc1 Rh2a2
49.Ba5c3 Qh5h2
50.Rg1d1 Ra8b8
51.b6 Qh2h8
52.a7 Rb8a8
53.Qd3b1 Ra2xa7
54.bxa7 Ra8xa7
55.Qb1b6 Qh8a8
56.Rd1h1 Ra7a1
57.Bc3xa1 Qa8xa1
58.Kc2 Qa1xh1
59.Qb6b7 Kd8
60.Qb7xc6 Qh1e4
61.Kb3 Qe4d3
62.Ka2 Qd3c4
63.Ka3 Qc4c3
64.Ka2 Qc3c4
{ draw }
1/2-1/2

[Event "Match"]
[Site "www.echecsemail.com"]
[Date "2017.05.23"]
[Round "1"]
[White "Mitja"]
[Black "Bojan"]
[WhiteElo "2010"]
[BlackElo "2010"]
[Result "0-1"]
[Round "1"]
1.d4 d5
2.e3 a6
3.c3 g6
4.h3 Bf8g7
5.Ng1e2 e5
6.dxe5 Bg7xe5
7.Ne2d4 c5
8.Nd4f3 Be5g7
9.c4 d4
10.exd4 cxd4
11.Bf1d3 Ng8f6
12.Qd1e2 Bc8e6
13.O-O O-O
14.b3 Rf8e8
15.Qe2d2 Nb8c6
16.Bc1b2 Qd8d7
17.Rf1e1 Nf6h5
18.Nb1a3 Ra8d8
19.Ra1d1 Bg7f8
20.Na3c2 Bf8d6
21.Qd2h6 Bd6f4
22.Nf3g5 f6
23.Bd3xg6 Bf4xg5
24.Qh6xh5 hxg6
25.Qh5xg6 Qd7g7
26.Qg6xg7 Kxg7
27.Nc2xd4 Nc6xd4
28.Bb2xd4 Be6f5
29.Re1xe8 Rd8xe8
30.Kf1 Kg6
31.g4 Bf5e4
32.Bd4c3 Be4c6
33.Rd1e1 Re8xe1
34.Bc3xe1 Bc6e4
35.Ke2 Be4b1
36.a4 Bb1a2
37.b4 Ba2xc4
38.Kf3 Bg5h4
39.Kf4 Bc4f1
40.Ke3 Bf1xh3
41.f3 Bh4xe1
{ resign }
0-1

[Event "Match"]
[Site "www.echecsemail.com"]
[Date "2017.05.23"]
[Round "1"]
[White "Gambitmiau"]
[Black "Guidom"]
[WhiteElo "2000"]
[BlackElo "2090"]
[Result "1/2-1/2"]
[Round "1"]
1.e4 e5
2.d4 exd4
3.c3 dxc3
4.Bf1c4 d6
5.Qd1f3 Qd8f6
6.Qf3xf6 Ng8xf6
7.Nb1xc3 Nb8c6
8.Nc3d5 Nf6xd5
9.Bc4xd5 Nc6d4
10.Bd5b3 Nd4xb3
11.axb3 Bc8e6
12.b4 g6
13.Bc1g5 Bf8g7
14.Ra1b1 h6
15.Bg5d2 Be6b3
16.f3 O-O
{ draw }
1/2-1/2

[Event "Match"]
[Site "www.echecsemail.com"]
[Date "2017.05.23"]
[Round "1"]
[White "Mrynmryn"]
[Black "Cjood"]
[WhiteElo "1720"]
[BlackElo "1900"]
[Result "0-1"]
[Round "1"]
1.Ng1f3 d5
2.d4 g6
3.Bc1f4 Bf8g7
4.e3 Nb8c6
5.a3 b6
6.c4 dxc4
7.Bf1xc4 Bc8b7
8.O-O a6
9.b4 b5
10.Bc4b3 e6
11.Nb1c3 Ng8e7
12.Ra1c1 O-O
13.Qd1d3 e5
14.Bf4g3 exd4
15.exd4 Nc6xd4
16.Nf3xd4 Bg7xd4
17.Nc3e2 Bd4xf2
{ resign }
0-1

[Event "Match"]
[Site "www.echecsemail.com"]
[Date "2017.05.23"]
[Round "1"]
[White "Babedad"]
[Black "Insearchof"]
[WhiteElo "2190"]
[BlackElo "1499"]
[Result "0-1"]
[Round "1"]
1.Ng1f3 Ng8f6
2.g3 g6
3.Bf1g2 Bf8g7
4.O-O O-O
5.d3 d5
6.Nb1d2 c5
7.Rf1e1 Nb8c6
8.e4 e5
9.c3 h6
10.Qd1e2 d4
11.Nd2c4 Rf8e8
12.a4 b6
13.h4 Bc8a6
14.b3 dxc3
15.Bc1a3 Nc6d4
16.Nf3xd4 cxd4
17.Ba3c1 Nf6d7
18.f4 exf4
19.Bc1xf4 Nd7e5
20.Bf4xe5 { time. }
0-1

[Event "Match"]
[Site "www.echecsemail.com"]
[Date "2017.05.23"]
[Round "1"]
[White "Chapi"]
[Black "Castletyme"]
[WhiteElo "2070"]
[BlackElo "1700"]
[Result "0-1"]
[Round "1"]
1.d4 e6
2.c4 Nb8c6
3.Ng1f3 h6
4.Nb1c3 Bf8b4
5.Bc1d2 Bb4xc3
6.Bd2xc3 Ng8f6
7.e3 d6
8.Bf1e2 Bc8d7
9.O-O Nf6e4
10.Bc3b4 Nc6xb4
11.Qd1b3 Nb4c6
12.Be2d3 Ne4f6
13.Ra1c1 Ra8b8
14.Qb3a3 a6
15.b4 O-O
16.Qa3b3 Nc6e7
17.a4 Ne7g6
18.c5 Bd7c6
19.Nf3d2 d5
20.b5 axb5
21.axb5 Bc6e8
22.Nd2f3 Rb8a8
23.Rc1a1 Be8d7
24.Ra1a4 Ra8xa4
25.Qb3xa4 Qd8a8
26.Rf1a1 Qa8xa4
27.Ra1xa4 Nf6e4
28.Nf3e1 Ne4c3
29.Ra4a5 Rf8b8
30.Ne1f3 f5
31.h4 Ng6f8
32.Nf3e5 g5
33.hxg5 hxg5
34.Kh2 Nc3e4
35.f3 Ne4f6
36.Kh3 Kg7
37.g4 Nf8g6
38.Ne5xd7 fxg4
39.fxg4 Nf6xd7
40.e4 Ng6f4
41.Kg3 Nf4xd3
42.exd5 exd5
43.c6 bxc6
44.bxc6 Nd7b6
45.Ra5b5 Nd3f4
46.Kf3 Nf4e6
47.Ke3 Ne6d8
48.Rb5c5 Nb6c4
49.Kd3 Rb8b3
50.Kc2 Rb3b5
51.Rc5xc4 dxc4
52.Kc3 Nd8xc6
53.Kxc4 Nc6a7
54.d5 Kf6
{ resign }
0-1

[Event "Match"]
[Site "www.echecsemail.com"]
[Date "2017.05.23"]
[Round "1"]
[White "Pwain"]
[Black "Motorhead99"]
[WhiteElo "2430"]
[BlackElo "1799"]
[Result "1-0"]
[Round "1"]
1.e4 c5
2.Ng1f3 d6
3.Bf1b5 Bc8d7
4.c4 e6
5.Nb1c3 Bf8e7
6.d4 cxd4
7.Bb5xd7 Qd8xd7
8.Nf3xd4 Be7f6
9.Nd4b5 Bf6xc3
10.bxc3 d5
11.exd5 exd5
12.Qd1xd5 Qd7xd5
13.cxd5 Kd7
14.Bc1a3 Ng8h6
15.O-O Nb8a6
16.Nb5d6 Ra8b8
17.Rf1e1 { resign }
1-0

[Event "Match"]
[Site "www.echecsemail.com"]
[Date "2017.05.23"]
[Round "1"]
[White "Mrmoto"]
[Black "Motorhead99"]
[WhiteElo "1700"]
[BlackElo "1730"]
[Result "0-1"]
[Round "1"]
1.e4 d6
2.d4 Ng8f6
3.Nb1c3 Nb8d7
4.Ng1f3 e5
5.Bf1e2 Bf8e7
6.Bc1e3 c6
7.O-O Qd8c7
8.a3 h6
9.d5 Nd7f8
10.Be2d3 g5
11.h3 Nf8g6
12.Nf3h2 Ng6f4
13.Be3xf4 gxf4
14.f3 Rh8g8
15.Qd1d2 Bc8xh3
16.Rf1f2 Bh3d7
17.Kf1 h5
18.Ke2 cxd5
19.Nc3xd5 Nf6xd5
20.exd5 Be7h4
21.Rf2f1 Rg8xg2
{ resign }
0-1

[Event "Match"]
[Site "www.echecsemail.com"]
[Date "2017.05.23"]
[Round "1"]
[White "Motorhead99"]
[Black "Ledzepp"]
[WhiteElo "1810"]
[BlackElo "1570"]
[Result "0-1"]
[Round "1"]
1.d4 d5
2.e3 e6
3.Bf1d3 Qd8g5
4.Ng1f3 Qg5xg2
5.Rh1g1 Qg2h3
6.Rg1g3 Qh3h6
7.e4 Qh6f6
8.e5 Qf6d8
9.Bc1e3 Ng8e7
10.Nf3g5 Ne7f5
11.Ng5xf7 Kxf7
12.Rg3f3 Qd8h4
{ resign }
0-1

[Event "1/32 Finale"]
[Site "www.chess-mail.com"]
[Date "2017.05.23"]
[Round "1"]
[White "Marbachess"]
[Black "Chessington"]
[WhiteElo "2630"]
[BlackElo "2390"]
[Result "1/2-1/2"]
[Round "1"]
1.f4 d5
2.b3 Bc8g4
3.h3 Bg4h5
4.g4 e6
5.Ng1f3 Bh5g6
6.e3 Nb8c6
7.Bc1b2 h5
8.Rh1g1 hxg4
9.hxg4 Qd8d7
10.Bf1b5 f6
11.Nb1c3 O-O-O
12.Qd1e2 Bf8b4
13.a3 Bb4d6
14.f5 exf5
15.Nc3xd5 fxg4
16.Nf3d4 Bd6g3
17.Kd1 Qd7xd5
18.Bb5xc6 bxc6
19.Qe2xg4 Rd8d7
20.Qg4xg6 Bg3f2
21.c4 Qd5e5
22.Rg1g2 Bf2xe3
23.Nd4xc6 Qe5e6
24.Rg2e2 Rd7xd2
{ draw }
1/2-1/2

[Event "1/64 Finale"]
[Site "www.chess-mail.com"]
[Date "2017.05.23"]
[Round "1"]
[White "Rookie"]
[Black "Picifarkinca"]
[WhiteElo "1380"]
[BlackElo "2090"]
[Result "0-1"]
[Round "1"]
1.e4 c6
2.d4 d5
3.Nb1c3 dxe4
4.Nc3xe4 Bc8f5
5.Bf1d3 e6
6.Bc1g5 Qd8a5
7.Qd1d2 Qa5xd2
8.Ne4xd2 Bf5xd3
9.cxd3 Bf8e7
10.Bg5xe7 Ng8xe7
11.Ng1f3 O-O
12.O-O Nb8d7
13.Nd2c4 Nd7f6
14.Nc4e3 Ne7d5
15.Ne3xd5 Nf6xd5
16.Ra1e1 Rf8e8
17.Re1e4 Nd5f6
18.Re4e3 Ra8d8
19.Nf3e5 Rd8xd4
20.Rf1d1 Re8d8
21.Re3e4 Rd4xe4
{ resign }
0-1

[Event "1/32 Finale"]
[Site "www.chess-mail.com"]
[Date "2017.05.23"]
[Round "1"]
[White "Bevittsmith"]
[Black "Hennie4820"]
[WhiteElo "2250"]
[BlackElo "2120"]
[Result "1-0"]
[Round "1"]
1.e4 c5
2.Ng1f3 e6
3.d4 cxd4
4.Nf3xd4 Ng8f6
5.Nb1c3 d6
6.Bc1e3 a6
7.f3 Bf8e7
8.Qd1d2 O-O
9.O-O-O Nb8c6
10.g4 h6
11.h4 b5
12.Nd4xc6 Qd8c7
13.Nc6xe7 { resign }
1-0

[Event "Fast Game"]
[Site "www.echecsemail.com"]
[Date "2017.05.23"]
[Round "1"]
[White "Fvdp"]
[Black "Leonger"]
[WhiteElo "2140"]
[BlackElo "2130"]
[Result "1/2-1/2"]
[Round "1"]
1.e4 e5
2.Ng1f3 Nb8c6
3.d4 exd4
4.Nf3xd4 Ng8f6
5.Nd4xc6 bxc6
6.e5 Qd8e7
7.Qd1e2 Nf6d5
8.c4 Nd5b6
9.Nb1c3 Qe7e6
10.Qe2e4 d5
11.exd6 Qe6xe4
12.Nc3xe4 cxd6
13.Bc1d2 Bf8e7
14.Bf1e2 O-O
15.O-O Bc8a6
16.b3 d5
17.Ne4g3 dxc4
18.Ra1c1 Ra8d8
19.Bd2e3 f5
20.Be3xb6 axb6
21.Be2xc4 Ba6xc4
22.Rc1xc4 Rf8f6
23.Rf1e1 Be7c5
{ draw }
1/2-1/2

[Event "Tourn. n9393"]
[Site "www.chess-mail.com"]
[Date "2017.05.24"]
[Round "1"]
[White "Bojan"]
[Black "Balbyns"]
[WhiteElo "1940"]
[BlackElo "1990"]
[Result "0-1"]
[Round "1"]
1.e4 e5
2.Ng1f3 Nb8c6
3.Nb1c3 Ng8f6
4.a3 Bf8c5
5.h3 d5
6.exd5 Nf6xd5
7.Nc3xd5 Qd8xd5
8.Bf1b5 Bc5xf2
9.Kxf2 Qd5xb5
10.Rh1e1 O-O
11.d3 Rf8e8
12.b4 Bc8e6
13.c4 Qb5b6
14.Bc1e3 Nc6d4
15.Nf3xe5 Qb6d6
16.Be3f4 Nd4f5
17.g3 Ra8d8
18.Ne5xf7 Qd6d4
19.Bf4e3 Nf5xe3
20.Nf7h6 gxh6
21.Re1xe3 Be6xh3
22.Qd1d2 Re8xe3
23.Qd2xe3 Rd8f8
24.Ke2 Qd4b2
{ resign }
0-1

[Event "Tourn. n9326"]
[Site "www.chess-mail.com"]
[Date "2017.05.24"]
[Round "1"]
[White "Castletyme"]
[Black "Kevinking"]
[WhiteElo "1840"]
[BlackElo "1910"]
[Result "1-0"]
[Round "1"]
1.e4 e6
2.Ng1f3 d5
3.exd5 Qd8xd5
4.Nb1c3 Qd5d8
5.d3 c5
6.Bf1e2 Bf8e7
7.O-O Ng8f6
8.d4 O-O
9.dxc5 Be7xc5
10.Qd1xd8 Rf8xd8
11.Rf1d1 Rd8xd1
12.Nc3xd1 Bc8d7
13.Bc1e3 Bc5xe3
14.Nd1xe3 Bd7c6
15.Nf3d4  { time }
1-0

[Event "Tourn. n9324"]
[Site "www.chess-mail.com"]
[Date "2017.05.24"]
[Round "1"]
[White "Passaroa25"]
[Black "Ll69"]
[WhiteElo "1610"]
[BlackElo "1599"]
[Result "0-1"]
[Round "1"]
1.e4 e6
2.c3 d5
3.f3 dxe4
4.fxe4 c5
5.Ng1e2 e5
6.Ne2g3 Nb8c6
7.d3 Ng8f6
8.Bf1e2 h5
9.Bc1g5 c4
10.O-O cxd3
11.Qd1xd3 Bf8c5
12.Kh1 Qd8xd3
13.Be2xd3 Nf6g4
14.h3 Ng4f2
15.Rf1xf2 Bc5xf2
16.Ng3f5 Bc8xf5
17.exf5 f6
18.Bg5d2 O-O-O
19.Bd3e4 Bf2e1
20.Bd2xe1 Rd8d1
21.Be4xc6 Rd1xe1
22.Kh2 bxc6
23.a4 Rh8d8
24.b4 Rd8d1
25.a5 h4
26.g4 Re1e2

0-1

[Event "Tourn. n9330"]
[Site "www.chess-mail.com"]
[Date "2017.05.24"]
[Round "1"]
[White "Sorento"]
[Black "Coolant"]
[WhiteElo "2130"]
[BlackElo "2270"]
[Result "1-0"]
[Round "1"]
1.e4 Nb8c6
2.d4 d5
3.e5 f6
4.f4 Bc8f5
5.Ng1f3 e6
6.Bf1b5 Qd8d7
7.Bc1e3 a6
8.Bb5a4 Bf5e4
9.O-O f5
10.Nb1d2 Ng8h6
11.h3 Bf8e7
12.c3 Nh6f7
13.Nd2xe4 fxe4
14.Nf3d2 b5
15.Ba4c2 O-O
16.Nd2xe4 dxe4
17.Bc2xe4 Ra8d8
18.Qd1h5 Nf7h6
19.g4 b4
20.g5 Nh6f5
21.Be3f2 g6
22.Qh5f3 Nc6a5
23.Ra1d1 Qd7a4
24.Qf3d3 c5
25.Qd3xa6 Kf7
26.d5 exd5
27.Be4xf5 gxf5
28.Qa6h6 Qa4c6
29.e6 Qc6xe6
30.Qh6xh7 Ke8
31.Rf1e1 Qe6f7
32.Qh7h6 Kd7
33.Qh6b6 Na5c6
34.Qb6b7 Kd6
35.cxb4 cxb4
36.Rd1c1 { resign }
1-0

[Event "Tourn. n9379"]
[Site "www.chess-mail.com"]
[Date "2017.05.24"]
[Round "1"]
[White "Falcoale"]
[Black "Panham"]
[WhiteElo "2000"]
[BlackElo "2200"]
[Result "0-1"]
[Round "1"]
1.e4 e5
2.Ng1f3 Nb8c6
3.Bf1c4 Ng8f6
4.d3 Bf8c5
5.O-O O-O
6.Bc1g5 d6
7.Nb1c3 Bc8g4
8.Nc3d5 Nc6d4
9.Nd5xf6 gxf6
10.Bg5e3 Nd4xf3
11.gxf3 Bg4h3
12.Rf1e1 Kh8
13.Be3xc5 Rf8g8
14.Kh1 Bh3g2
{ resign }
0-1

[Event "Tourn. n9326"]
[Site "www.chess-mail.com"]
[Date "2017.05.24"]
[Round "1"]
[White "Kevinking"]
[Black "Sorento"]
[WhiteElo "1910"]
[BlackElo "2100"]
[Result "0-1"]
[Round "1"]
1.c4 e5
2.Nb1c3 Nb8c6
3.Ng1f3 f5
4.d4 e4
5.Nf3g1 Ng8f6
6.e3 Bf8b4
7.Bc1d2 O-O
8.Ng1e2 d5
9.cxd5 Nf6xd5
10.Nc3xd5 Qd8xd5
11.Ne2f4 Qd5d6
12.Bf1c4 Kh8
13.a3 Bb4xd2
14.Qd1xd2 Nc6e7
15.h4 a5
16.Qd2c2 b6
17.Ra1c1 c6
18.Bc4a2 Bc8d7
19.g3 Ra8c8
20.O-O Ne7g6
21.Rf1d1 Ng6xf4
 { time }
0-1

[Event "Tourn. n9390"]
[Site "www.chess-mail.com"]
[Date "2017.05.24"]
[Round "1"]
[White "Mitja"]
[Black "Bojan"]
[WhiteElo "2020"]
[BlackElo "1960"]
[Result "1-0"]
[Round "1"]
1.d4 c6
2.e3 d5
3.c3 Qd8d6
4.h3 Ng8f6
5.Nb1d2 b6
6.Nd2b3 Nf6e4
7.Nb3d2 Bc8a6
8.Bf1xa6 Nb8xa6
9.Qd1e2 c5
10.Qe2xa6 cxd4
11.cxd4 Qd6c6
12.Nd2xe4 dxe4
13.Qa6e2 g6
14.b3 Bf8g7
15.Bc1b2 Qc6d5
16.Qe2d2 O-O
17.Ng1e2 Rf8d8
18.O-O e5
19.Rf1d1 Rd8d7
20.Ne2c3 Qd5b7
21.Nc3e2 Ra8d8
22.Qd2c2 exd4
23.Bb2xd4 f5
24.Bd4xg7 Kxg7
25.Rd1xd7 Rd8xd7
26.Qc2c3 Kh6
27.Ne2f4 Rd7d6
28.Ra1c1 Rd6d7
29.g3 Qb7b8
30.h4 Qb8d6
31.Kg2 Qd6e7
32.Qc3c6 Kg7
33.h5 g5
34.h6 Kf8
35.Nf4e6 Kf7
36.Ne6g7 Rd7d6
37.Qc6c4 Kg6
38.Qc4b5 Rd6f6
39.Rc1c6 Qe7f7
40.Rc6xf6 Qf7xf6
41.Qb5d7 Kxh6
42.Ng7xf5 Kg6
43.Nf5d4 a6
44.Qd7c6 h5
45.Qc6xe4 Kg7
46.Qe4f5 Qf6e7
47.Nd4e6 Kh8
48.Qf5f8 Qe7xf8
49.Ne6xf8 { resign }
1-0

[Event "Tourn. n9383"]
[Site "www.chess-mail.com"]
[Date "2017.05.24"]
[Round "1"]
[White "Bojan"]
[Black "Thrillerfan"]
[WhiteElo "2010"]
[BlackElo "2119"]
[Result "0-1"]
[Round "1"]
1.e4 e5
2.Ng1f3 Ng8f6
3.Bf1c4 Nf6xe4
4.Qd1e2 d5
5.Bc4d3 Bf8d6
6.Nb1c3 Ne4xc3
7.bxc3 O-O
8.Bd3b5 c6
9.Bb5a4 Bc8g4
10.Qe2e3 Nb8a6
11.d4 Bg4xf3
12.Qe3xf3 e4
13.Qf3g4 b5
14.Ba4b3 Na6c7
15.Bc1h6 Nc7e6
16.O-O Qd8f6
17.Bh6e3 Qf6g6
18.Qg4xg6 hxg6
19.a4 a6
20.f3 exf3
21.Rf1xf3 f6
22.Be3f2 Kf7
23.g3 Ne6g5
24.Rf3e3 Ng5h3
25.Kg2 Nh3xf2
26.Kxf2 Rf8h8
27.Kg2 Rh8e8
28.Re3xe8 Ra8xe8
29.Kf2 Ke6
30.axb5 axb5
31.Ra1e1 Kd7
32.Re1a1 Bd6b8
33.h3 Kc7
34.Ra1b1 Bb8a7
35.Kf3 Ba7b6
36.g4 Re8e7
37.Rb1g1 Bb6a5
38.Rg1a1 Ba5xc3
39.Ra1d1 Re7e4
40.Rd1d3 Bc3xd4
41.c3 Bd4e5
42.Bb3c2 Re4c4
43.Rd3d2 Rc4xc3
44.Kg2 g5
45.Bc2d1 Rc3a3
46.Bd1f3 Ra3b3
47.Rd2c2 Rb3b2
{ resign }
0-1

[Event "Tourn. n9318"]
[Site "www.chess-mail.com"]
[Date "2017.05.24"]
[Round "1"]
[White "Crull"]
[Black "Redapond1"]
[WhiteElo "1800"]
[BlackElo "1730"]
[Result "0-1"]
[Round "1"]
1.d4 d5
2.c4 Ng8f6
3.Ng1f3 Bc8f5
4.Nb1c3 e6
5.a3 Nb8c6
6.Bc1f4 Bf8d6
7.Bf4e3 O-O
8.c5 Bd6e7
9.Be3f4 Nf6g4
10.e3 f6
11.h3 Ng4h6
12.Bf1e2 Nh6f7
13.Nf3h4 g5
14.Nh4xf5 exf5
15.Bf4h2 Rf8e8
16.O-O Nf7h6
17.Nc3b5 Qd8d7
18.Nb5xc7 a6
19.Be2d3 Ra8c8
20.Qd1h5 Rc8xc7
21.Bh2xc7 Qd7xc7
 { time }
0-1

[Event "Tourn. n9390"]
[Site "www.chess-mail.com"]
[Date "2017.05.24"]
[Round "1"]
[White "Bojan"]
[Black "Cristiano"]
[WhiteElo "1960"]
[BlackElo "2240"]
[Result "1-0"]
[Round "1"]
1.e4 e5
2.Ng1f3 Nb8c6
3.Bf1c4 Ng8f6
4.d3 d5
5.exd5 Nf6xd5
6.Qd1e2 Bc8g4
7.c3 Bg4xf3
8.Qe2xf3 Nd5f6
9.Nb1d2 Bf8d6
10.Bc4b5 Qd8d7
11.Nd2e4 Bd6e7
12.Bc1g5 Nf6xe4
13.Bg5xe7 Kxe7
14.Qf3xe4 f6
15.O-O a6
16.Bb5a4 b5
17.Ba4b3 Ra8d8
18.Ra1d1 f5
19.Qe4h4 Ke8
20.Rf1e1 Qd7e7
21.Qh4h5 g6
22.Qh5f3 Rh8f8
23.Qf3xc6 { resign }
1-0

[Event "Tourn. n9239"]
[Site "www.chess-mail.com"]
[Date "2017.05.24"]
[Round "1"]
[White "Pachi"]
[Black "Azulmarino"]
[WhiteElo "1540"]
[BlackElo "1430"]
[Result "1/2-1/2"]
[Round "1"]
1.e4 e5
2.Qd1h5 Nb8c6
3.Bf1c4 g6
4.Qh5f3 Ng8f6
5.Ng1h3 Bf8g7
6.Nh3g5 d5
7.exd5 Nc6d4
8.Qf3d1 h6
9.Ng5f3 Bc8g4
10.c3 Nd4xf3
11.gxf3 Bg4f5
12.Qd1a4 Bf5d7
13.Qa4b4 Ra8b8
14.b3 Bg7f8
15.Qb4a5 a6
16.Bc1a3 Bf8xa3
17.Qa5xa3 Nf6h5
18.d6 c6
19.d4 b5
20.Bc4e2 Nh5f4
21.dxe5 Qd8b6
22.O-O Nf4xe2
23.Kg2 Ne2f4
24.Kg1 Bd7h3
25.Rf1e1 O-O
26.Qa3b4 Nf4d3
27.Qb4d4 Qb6xd4
28.cxd4 Nd3xe1
29.Nb1d2 Bh3d7
30.Ra1xe1 Bd7f5
31.Kg2 Bf5d3
32.e6 fxe6
33.Re1xe6 Bd3f5
34.Re6e7 Rb8e8
35.Re7a7 Re8e2
36.Nd2f1 Rf8d8
37.Nf1g3 Rd8xd6
38.Ng3xe2 b4
39.Ra7xa6 Rd6e6
40.Ne2f4 Re6d6
41.Ra6b6 Rd6xd4
42.Kg3 Kf7
43.Rb6xc6 g5
44.Nf4h5 Bf5e6
45.f4 Rd4d3
46.f3 Rd3d1
47.fxg5 Rd1g1
48.Kf2 Rg1xg5
49.Nh5f4 Be6d7
50.Rc6b6 Rg5a5
51.Rb6xh6 Ra5xa2
52.Ke3 Ra2a3
53.Rh6h7 Ke8
54.Nf4d5 Ra3xb3
55.Kf4 Bd7c6
56.Nd5f6 Kd8
57.Rh7h3 Ke7
58.Nf6e4 Rb3d3
59.Rh3h6 Bc6a8
60.Rh6b6 b3
61.Ne4c5 Rd3d4
62.Ke3 Rd4h4
63.Rb6xb3 Rh4xh2
64.Rb3a3 Ba8c6
65.f4 Rh2h3
66.Kd4 Rh3xa3
67.f5 Ra3f3
68.Ke5 Kf7
69.Kd6 Bc6e8
70.Ke5 Rf3c3
71.Nc5e4 Rc3e3
72.Kf4 Re3e1
73.Ne4d6 Ke7
74.Nd6e4 Be8c6
75.Ne4g3 Re1a1
76.Ng3h5 Ra1f1
77.Kg5 Kf7
78.Nh5g3 Rf1g1
79.Kf4 Kf6
80.Kg4 Bc6d7
81.Kf4 Bd7xf5
82.Ng3xf5 Rg1g5
83.Nf5d6 Rg5d5
84.Nd6e8 Kf7
85.Ne8c7 Rd5d1
86.Kf5 Rd1c1
87.Nc7e6 { draw }
1/2-1/2

[Event "Tourn. n9312"]
[Site "www.chess-mail.com"]
[Date "2017.05.24"]
[Round "1"]
[White "Winston"]
[Black "Nulladies"]
[WhiteElo "1890"]
[BlackElo "1870"]
[Result "0-1"]
[Round "1"]
1.e4 c5
2.Ng1f3 g6
3.Bf1b5 a6
4.Bb5e2 Nb8c6
5.d4 cxd4
6.Nf3xd4 Bf8g7
7.Bc1e3 d5
8.Nb1c3 dxe4
9.Nc3xe4 Nc6xd4
10.Qd1d2 Nd4xe2
11.Qd2xd8 Kxd8
12.Kxe2 Bc8d7
13.c3 Ng8f6
14.Ne4xf6 Bg7xf6
15.Rh1d1 Ke8
16.Be3d4 Bf6xd4
17.Rd1xd4 Ra8d8
18.Ra1d1 Bd7b5
19.Ke1 Rd8xd4
20.Rd1xd4 e5
21.Rd4d2 Ke7
22.b3 Rh8d8
23.Rd2xd8 Kxd8
24.c4 Bb5c6
25.f3 f5
26.Ke2 Kd7
27.Ke3 e4
{ resign }
0-1

[Event "Tourn. n9296"]
[Site "www.chess-mail.com"]
[Date "2017.05.24"]
[Round "1"]
[White "Pdebonis"]
[Black "Jpmartinez"]
[WhiteElo "2570"]
[BlackElo "2590"]
[Result "1-0"]
[Round "1"]
1.d4 d5
2.c4 e6
3.Nb1c3 Bf8b4
4.e3 Ng8f6
5.a3 Bb4xc3
6.bxc3 c6
7.a4 O-O
8.Bc1a3 Rf8e8
9.cxd5 cxd5
10.Ng1f3 b6
11.Bf1b5 Bc8d7
12.O-O Bd7xb5
13.axb5 Qd8c7
14.Qd1a4 Nb8d7
15.Rf1c1 Re8c8
16.Nf3d2 a6
17.bxa6 Nd7b8
18.c4 Ra8xa6
19.Qa4b3 Nb8c6
20.cxd5 exd5
21.h3 h6
22.Nd2f3 Qc7d8
23.Qb3d3 Ra6a4
24.Qd3b5 Ra4a5
25.Qb5b2 b5
26.Nf3e1  { time }
1-0

[Event "Tourn. n9367"]
[Site "www.chess-mail.com"]
[Date "2017.05.24"]
[Round "1"]
[White "Traub"]
[Black "Pachi"]
[WhiteElo "1440"]
[BlackElo "1560"]
[Result "0-1"]
[Round "1"]
1.e4 Ng8f6
2.e5 Nf6d5
3.d4 d6
4.f4 f6
5.Ng1f3 Bc8g4
6.Bf1e2 Nd5b4
7.c3 Nb4d5
8.c4 Nd5xf4
 { time }
0-1

[Event "Tourn. n9367"]
[Site "www.chess-mail.com"]
[Date "2017.05.24"]
[Round "1"]
[White "Azulmarino"]
[Black "Traub"]
[WhiteElo "1560"]
[BlackElo "1440"]
[Result "1-0"]
[Round "1"]
1.e4 c5
2.c4 Nb8c6
3.a3 Ng8f6
4.Ng1f3 Nf6xe4
5.Qd1e2 d5
6.d3 Ne4f6
7.Bc1g5  { time }
1-0

[Event "Match"]
[Site "www.echecsemail.com"]
[Date "2017.05.24"]
[Round "1"]
[White "Cristiano"]
[Black "Ledzepp"]
[WhiteElo "2240"]
[BlackElo "1530"]
[Result "0-1"]
[Round "1"]
1.e4 d5
2.exd5 Qd8xd5
3.d4 Qd5e4
4.Bc1e3 Bc8g4
5.Ng1f3 e6
6.Bf1d3 Qe4d5
7.Nb1c3 Qd5d7
8.O-O Nb8c6
9.Bd3e2 Nc6b4
10.a3 Nb4d5
11.Nc3xd5 Qd7xd5
12.c4 Qd5f5
13.Nf3e5 Bg4xe2
14.Qd1xe2 Ng8f6
15.g4 Qf5e4
16.f3 Nf6xg4
17.fxe4 Ng4f6
{ resign }
0-1

[Event "Match"]
[Site "www.echecsemail.com"]
[Date "2017.05.24"]
[Round "1"]
[White "Motorhead99"]
[Black "Cristiano"]
[WhiteElo "1770"]
[BlackElo "2240"]
[Result "1-0"]
[Round "1"]
1.d4 Ng8f6
2.e3 g6
3.Bf1d3 Bf8g7
4.c3 d6
5.Ng1f3 Nb8d7
6.b3 O-O
7.Bc1b2 c5
8.O-O Nd7b6
9.Nb1d2 Bc8g4
10.Qd1c2 Ra8c8
11.dxc5 dxc5
12.Bd3e2 Qd8c7
13.h3 Bg4f5
14.e4 Bf5e6
15.c4 Nb6d7
16.e5 Nf6h5
17.Rf1e1 Nh5f4
18.Be2f1 Be6f5
19.Nd2e4 f6
20.exf6 exf6
21.g4 Bf5e6
22.Ra1d1 Nd7e5
23.Nf3xe5 fxe5
24.Ne4d6 Rc8d8
25.Nd6b5 Qc7b8
26.Rd1xd8 Rf8xd8
27.Re1d1 a6
28.Rd1xd8 Qb8xd8
29.Nb5a3 Qd8g5
30.f3 h5
31.Bb2c1 hxg4
32.fxg4 Bg7h6
33.Bc1xf4 { resign }
1-0

[Event "Match"]
[Site "www.echecsemail.com"]
[Date "2017.05.24"]
[Round "1"]
[White "Cal"]
[Black "Motorhead99"]
[WhiteElo "1720"]
[BlackElo "1599"]
[Result "0-1"]
[Round "1"]
1.c4 c6
2.Nb1c3 Ng8f6
3.h3 d5
4.d4 e6
5.cxd5 exd5
6.Ng1f3 Bc8f5
7.Bc1g5 Bf8e7
8.e3 O-O
9.Bf1e2 Nb8d7
10.a3 Nf6e4
11.Be2d3 Ne4xc3
12.bxc3 Bf5xd3
13.Bg5xe7 Qd8xe7
14.Qd1xd3 Rf8e8
15.O-O Qe7e4
16.Qd3e2 Nd7b6
17.Ra1c1 Nb6c4
18.Nf3e5 Nc4xe5
19.dxe5 Qe4xe5
20.f4 Qe5xe3
21.Qe2xe3 Re8xe3
22.f5 Ra8e8
23.Rc1d1 Re3xc3
24.a4 Re8d8
25.Rf1f4 a5
26.Rf4d4 Rd8d7
27.Rd4g4 Rc3b3
28.h4 f6
29.Rd1e1 Kf7
30.Re1e6 Rb3b4
31.Rg4xb4 axb4
32.a5 c5
33.h5 c4
34.Re6b6 b3
35.g4 h6
36.Kf2 d4
37.Rb6b4 Rd7c7
38.Ke2 Ke7
39.Kd2 c3
40.Kc1 b2
41.Kc2 Rc7d7
42.Rb4b6 Kf7
43.a6 bxa6
44.Rb6xa6 d3
45.Kxc3 b1Q
46.Ra6e6 Qb1c2
{ resign }
0-1